Phân phối xác suất và kiểm định giả thiết

Đại lượng ngẫu nhiên và xác suất. Các phân phối thường dùng trong xác suất thống kê. Kiểm định giả thiết

Na minha lista:
Detalhes bibliográficos
Autor principal: Trần Văn Bảo
Outros Autores: Cao Văn Nuôi TS (Hướng dân)
Formato: Livro
Idioma:Vietnamese
Publicado em: Đà Nẵng Đại học Đà Nẵng 2011
Assuntos:
Tags: Adicionar Tag
Sem tags, seja o primeiro a adicionar uma tag!
Thư viện lưu trữ: Mạng thư viện Đại học Đà Nẵng
LEADER 01445nam a2200361 4500
001 000010292
003 6494
005 20111212141225.0
008 111212s2011 viesd
041 |a vie 
072 |a Luận văn Thạc sĩ Khoa học 
082 |a 519.2  |b TR-B 
100 |a Trần Văn Bảo 
245 |a Phân phối xác suất và kiểm định giả thiết  |c Trần Văn Bảo 
260 |a Đà Nẵng  |b Đại học Đà Nẵng  |c 2011 
300 |a 48 tr.  |c 29 cm  |e CD. Tóm tắt 
500 |a Luận văn Thạc sĩ. Chuyên ngành: Phương pháp toán sơ cấp. Mã số: 60.46.40 
520 |a Đại lượng ngẫu nhiên và xác suất. Các phân phối thường dùng trong xác suất thống kê. Kiểm định giả thiết 
653 |a Đại lượng ngẫu nhiên 
653 |a Xác suất 
653 |a Luận văn Thạc sĩ Toán sơ cấp 
653 |a Toán học 
700 |a Cao Văn Nuôi  |c TS  |e Hướng dân 
OWN |a LSP 
AVA |a UDN50  |b LSP  |d 519.2 TR-B  |e available  |t Error 5001 Not defined in file expand_doc_bib_avail.  |f 1  |g 0  |h N  |i 0  |k 1 
999 |a From the UDN01 
AVA |a UDN50  |b LSP  |d 519.2 TR-B  |e available  |t Error 5001 Not defined in file expand_doc_bib_avail.  |f 1  |g 0  |h N  |i 0  |k 1 
TYP |a Monograph 
TYP |a Printed language 
980 |a Mạng thư viện Đại học Đà Nẵng